000 00558nam a22001817a 4500
005 20180423144909.0
010 _aENG-122567
020 _a9788183823319
_c160.00
035 _aEN-106099
037 _bDBAD/PUB
082 _a158.1
100 _a Garg, Chitra
245 _a100 ways to develop self confidence /
_cby Chitra Garg
260 _aNew Delhi
_bLotus Press
_c2017
270 _a4735/22, Prakash Deep Building, Ansari Road, Darya Ganj,
_bNew Delhi
_e110002
300 _a205p.
_c20cm.(pbk)
_bill.
942 _2ddc
_cEN
_mGAR
_h158.1
999 _c151156
_d151156